00433nam a2200121Ia 4500008004100000020001800041100001700059245002500076260003300101300001900134999001900153952013900172180219s9999 xx 000 0 und d a9780815365105 aWhite, David aClinical chemistry / aUSA :bGarland sciencec2017 axii, 587 pages c356025d356025 001040aSSLCbSSLCcSSLCd2018-02-19eLibrary Fundl2m7oRB 37 .W582 2017pSSLC1685r2019-02-22 00:00:00s2019-01-23w2018-02-19yBK